Online Catalogue and eLibrary

Women and the State: (Record no. 1735)

MARC details
000 -LEADER
fixed length control field 00506nam a2200193Ia 4500
005 - DATE AND TIME OF LATEST TRANSACTION
control field 20250217055117.0
008 - FIXED-LENGTH DATA ELEMENTS--GENERAL INFORMATION
fixed length control field 240331s9999 xx 000 0 und d
020 ## - INTERNATIONAL STANDARD BOOK NUMBER
ISBN 041507908X
082 ## - DDC Classification
Item Number - Author Mark SAS
DDC Edition Number 3893
Class No. 305.4
245 #0 - TITLE STATEMENT
Title Women and the State:
Remainder of title The Shifting Boundaries of Public and Private
260 ## - PUBLICATION, DISTRIBUTION, ETC.
Place of publication, distribution, etc. London;
-- New York
Name of publisher, distributor, etc. Routledge
Date of publication, distribution, etc. 1992
300 ## - PHYSICAL DESCRIPTION
Extent (e.g. Volumes, Pages etc.) 311 p.,
650 ## - SUBJECT ADDED ENTRY--TOPICAL TERM
Topical term or geographic name entry element Women
650 ## - SUBJECT ADDED ENTRY--TOPICAL TERM
Topical term or geographic name entry element State
650 ## - SUBJECT ADDED ENTRY--TOPICAL TERM
Topical term or geographic name entry element Contemporary Society
650 ## - SUBJECT ADDED ENTRY--TOPICAL TERM
Topical term or geographic name entry element Family
700 ## - ADDED ENTRY--PERSONAL NAME
Personal name Sassoon, A. S
942 ## - Koha item type (Biblio)
Koha item type Books in Stacks (Lending)
Holdings
Lost status Damaged status Collection code Home library Current library Shelving location Date acquired Full call number Accession Number Item type
    Lending WERC Library WERC Library Social Science Cupboard 03/31/2024 305.4 WOM 3893 Books in Stacks (Lending)

© WERC Library